[Event "BAGDAD I"]
[Site "SchemingMind.com"]
[Date "2022.04.06"]
[Round "-"]
[White "Derek Price"]
[Black "Transcendent"]
[Result "0-1"]
[WhiteCountry "ENG"]
[BlackCountry "ENG"]
[WhiteElo "2356"]
[WhiteRD "74"]
[BlackElo "2142"]
[BlackRD "82"]
[GameID "722323"]

1. c4 c6 2. g3 d5 3. Bg2 Nf6 4. Qc2 e6 5. Nf3 Be7 6. O-O O-O 7. d4 Nbd7 8. Nbd2 b6 9. e4 dxc4 10. Nxc4 Bb7
11. Rd1 c5 12. e5 Nd5 13. Qe4 b5 14. Nd6 Bxd6 15. Ng5 g6 16. exd6 N7f6 17. Qh4 Qxd6 18. dxc5 Qxc5 19. Nf3 Qc2 20. Bh6 Rfc8
21. Rd2 Qc4 22. Qg5 Ne8 23. Ne5 Qb4 24. a3 Qc5 25. Re1 Rc7 26. Ng4 f6 27. Qh4 Re7 28. Rd3 Rc8 29. Rdd1 a6 30. Bd2 h5
31. Bxd5 Qxd5 32. f3 hxg4 33. Qxg4 Kf7 34. Bb4 Qxf3 35. Qxf3 Bxf3 36. Rd3 Bg4 37. Bxe7 Kxe7 38. a4 Nd6 39. axb5 Nxb5 40. Ra1 f5
41. b4 Rc6 42. Rd2 Kf6 43. Kg2 g5 44. h3 Bh5 45. Rf2 Bg6 46. Rd2 e5 47. Rda2 Nc7 48. Kg1 e4 49. Ra5 f4 50. Rf1 f3
51. Rc5 Rxc5 52. bxc5 Ke5 53. Kf2 Bf7 54. Rd1 Nd5 55. Ra1 Nb4 56. Rd1 a5 57. Ke3 Nd5+ 58. Kf2 a4 59. c6 a3 60. Ra1 Be6
61. Rxa3 Bxh3 62. Ra1 Bg4 63. Ra3 e3+ 64. Kg1 f2+ 65. Kg2 Bh3+
0-1

[Event "BAGDAD I"]
[Site "SchemingMind.com"]
[Date "2022.04.06"]
[Round "-"]
[White "Transcendent"]
[Black "Derek Price"]
[Result "1/2-1/2"]
[WhiteCountry "ENG"]
[BlackCountry "ENG"]
[WhiteElo "2089"]
[WhiteRD "77"]
[BlackElo "2383"]
[BlackRD "72"]
[GameID "722324"]

1. d4 d5 2. c4 c6 3. Nf3 Nf6 4. e3 e6 5. Nc3 Nbd7 6. Qc2 Bd6 7. Bd3 O-O 8. O-O dxc4 9. Bxc4 b5 10. Bd3 Bb7
11. Ne4 Nxe4 12. Bxe4 f5 13. Bd3 a6 14. e4 c5 15. Bg5 Qe8 16. exf5 Bxf3 17. gxf3 Qh5 18. f4 Qg4+ 19. Kh1 Bxf4 20. Rg1 Qf3+
21. Rg2 Bxg5 22. Be4 Qf4 23. Bxa8 Rxa8 24. fxe6 Nf8 25. Qxc5 Nxe6 26. Qd5 Re8 27. Re1 Kf7 28. Rxe6=
1/2-1/2

[Event "BAGDAD I"]
[Site "SchemingMind.com"]
[Date "2022.04.04"]
[Round "-"]
[White "Derek Price"]
[Black "krzysztof"]
[Result "1-0"]
[WhiteCountry "ENG"]
[BlackCountry "POL"]
[WhiteElo "2334"]
[WhiteRD "74"]
[BlackElo "1502"]
[BlackRD "84"]
[GameID "722325"]

1. c4 e6 2. g3 c6 3. Nf3 b5 4. cxb5 Qa5 5. bxc6 Nxc6 6. Bg2 Bb7 7. O-O Nf6 8. Nc3 d5 9. a3 h6 10. Rb1 d4
11. Nxd4 Nd5 12. Nxd5 exd5 13. Nxc6 Bxc6 14. b4 Qb5 15. Bb2 f6 16. e3 Bd6 17. Qh5+ Ke7 18. Bd4 Be5 19. Bxe5 fxe5 20. Qxe5+ Kd7
21. Qxg7+ Kd6 22. Rfc1 Rhe8 23. Rc5 Qb7 24. Qxh6+ Re6 25. Qf4+ Kd7 26. Bh3 Re8 27. Rbc1 Kd8 28. Bxe6 Rxe6 29. Qg5+ Kd7 30. b5 Qxb5
31. Rxb5 Bxb5 32. Qxd5+ Rd6 33. Qxb5+ Ke6 34. Rc6 Rxc6 35. Qxc6+ Ke7 36. Kg2
1-0

[Event "BAGDAD I"]
[Site "SchemingMind.com"]
[Date "2022.04.04"]
[Round "-"]
[White "krzysztof"]
[Black "Derek Price"]
[Result "0-1"]
[WhiteCountry "POL"]
[BlackCountry "ENG"]
[WhiteElo "1502"]
[WhiteRD "84"]
[BlackElo "2334"]
[BlackRD "74"]
[GameID "722326"]

1. d3 Nf6 2. Nc3 d5 3. e3 e6 4. Nf3 c6 5. Ne5 Bd6 6. d4 O-O 7. Bd3 Nfd7 8. Nf3 Re8 9. e4 e5 10. Be3 exd4
11. Bxd4 dxe4 12. Bxe4 f5 13. Nd2 Bc7 14. Qh5 fxe4 15. Ndxe4 Ne5 16. O-O-O Bg4 17. Nf6+ gxf6 18. Bxe5 Bxh5 19. Rxd8 Bxd8 20. Bg3 Nd7
21. b3 Ba5 22. Kb2 Nc5 23. f3 Rad8 24. Ne4 Nxe4 25. fxe4 Rxe4 26. Bf2 Bb6 27. Bxb6 axb6 28. Rf1 Kf7 29. Rf5 Bg6 30. Rf3 Re2
31. Rg3 Rxc2+ 32. Ka3 c5 33. h4 Ra8#
0-1

[Event "BAGDAD I"]
[Site "SchemingMind.com"]
[Date "2022.04.04"]
[Round "-"]
[White "Derek Price"]
[Black "JAHI"]
[Result "1-0"]
[WhiteCountry "ENG"]
[BlackCountry "INT"]
[WhiteElo "2340"]
[WhiteRD "70"]
[BlackElo "2145"]
[BlackRD "68"]
[GameID "722327"]

1. c4 c6 2. g3 h6 3. Bg2 h5 4. Nf3 c5 5. Nc3 Nc6 6. d4 cxd4 7. Nxd4 h4 8. O-O h3 9. Bf3 g6 10. Bf4 Bg7
11. Ndb5 d6 12. Nd5 Kf8 13. c5 a6 14. Nbc7 Rb8 15. cxd6 exd6 16. Qd2 Bh6 17. Bxh6+ Rxh6 18. a4 Bd7 19. b4 Ne5 20. Bh1 Bc6
21. Rfc1 Kg7 22. f4 Ng4 23. Qd4+ Kf8 24. Bf3 N4f6 25. Nxf6 Nxf6 26. Bxc6 Qxc7 27. Bf3 Qd8 28. Rab1 Qe7 29. b5 axb5 30. Rxb5 d5
31. Kf1 Rd8 32. a5 Kg8 33. Rcb1 Rd7 34. Rb6 Ne8 35. Qe5 Kf8 36. Qxe7+ Kxe7 37. Rxb7 Nc7 38. Kf2 Rh8 39. Rc1 Na6 40. Rxd7+ Kxd7
41. Bxd5 Rh5 42. Rd1 Ke7 43. g4 Rh8 44. Kg3 Rd8 45. Kxh3 f6 46. e4 Rd7 47. Kg3 Nb4 48. Rd4 Nc2 49. Ra4 Ne3 50. a6 Nxd5
51. exd5 Ra7 52. h4 Kd6 53. Ra5 Kc7 54. h5 Kb6 55. Ra1 g5 56. fxg5 fxg5 57. h6 Kc5 58. h7 Ra8 59. a7 Kd6 60. h8=Q Rxh8
61. a8=Q Rxa8 62. Rxa8 Kxd5 63. Rg8 Ke4 64. Rxg5 Ke3 65. Re5+ Kd4 66. Kf4 Kd3 67. Re4 Kc3 68. Ke3 Kc2 69. Rc4+ Kb3 70. Kd3 Kb2
71. Rc3 Kb1 72. Rc2 Ka1 73. Kc3 Kb1 74. Kb3 Ka1 75. Rc1#
1-0

[Event "BAGDAD I"]
[Site "SchemingMind.com"]
[Date "2022.04.04"]
[Round "-"]
[White "JAHI"]
[Black "Derek Price"]
[Result "0-1"]
[WhiteCountry "INT"]
[BlackCountry "ENG"]
[WhiteElo "2127"]
[WhiteRD "66"]
[BlackElo "2352"]
[BlackRD "69"]
[GameID "722328"]

1. c3 Nf6 2. c4 g6 3. Nc3 Bg7 4. h3 c5 5. h4 e6 6. d3 Nc6 7. Bg5 h6 8. Bxf6 Qxf6 9. h5 Qxc3+ 10. bxc3 Bxc3+
11. Qd2 Bxd2+ 12. Kxd2 g5 13. g3 b6 14. Bg2 Bb7 15. Nh3 Rg8 16. Rhb1 O-O-O 17. a3 Nd4 18. Bxb7+ Kxb7 19. a4 d5 20. cxd5 Rxd5
21. e3 Nc6 22. Ke2 Rgd8 23. Ra3 Ne5 24. Rd1 c4 25. d4 Nd3 26. f3 a6 27. Rb1 e5 28. Rc3 Rc8 29. dxe5 Rxe5 30. Nf2 Nxf2
31. Kxf2 Ra5 32. Ra3 b5 33. Ke2 Kb6 34. Raa1 Kc5 35. axb5 Rxa1 36. Rxa1 axb5 37. Kd1 Rd8+ 38. Kc2 Rd3 39. Ra7 Rxe3 40. Rc7+ Kb4
41. Rxf7 Re2+ 42. Kd1 Rh2 43. Rf5 c3 44. Re5 Kc4 45. Re6 b4 46. Rc6+ Kb3 47. Ke1 c2 48. g4 Kb2 49. f4 c1=Q+ 50. Rxc1 Kxc1
51. Kf1 b3 52. Kg1 Rd2 53. fxg5 b2 54. g6 Kc2 55. g5 b1=Q#
0-1

[Event "BAGDAD I"]
[Site "SchemingMind.com"]
[Date "2022.04.05"]
[Round "-"]
[White "Derek Price"]
[Black "Daniel Dubé"]
[Result "1-0"]
[WhiteCountry "ENG"]
[BlackCountry "CAN"]
[WhiteElo "2334"]
[WhiteRD "74"]
[BlackElo "1637"]
[BlackRD "54"]
[GameID "722329"]

1. c4 e5 2. Nc3 Nc6 3. g3 f5 4. Bg2 Nf6 5. e3 Bb4 6. Nge2 Bxc3 7. Nxc3 d6 8. O-O O-O 9. b3 e4 10. d3 exd3
11. Qxd3 g6 12. Bb2 Ne5 13. Qd2 Qe7 14. Nd5 Nxd5 15. Bxd5+ Be6 16. Bxb7 f4 17. exf4 Bh3 18. fxe5 Bxf1 19. exd6 cxd6 20. Bd5+ Rf7
21. Bxa8 Bh3 22. Bd5 Be6 23. Qc3 Rf8 24. Bxe6+
1-0

[Event "BAGDAD I"]
[Site "SchemingMind.com"]
[Date "2022.04.05"]
[Round "-"]
[White "Daniel Dubé"]
[Black "Derek Price"]
[Result "0-1"]
[WhiteCountry "CAN"]
[BlackCountry "ENG"]
[WhiteElo "1492"]
[WhiteRD "60"]
[BlackElo "2340"]
[BlackRD "70"]
[GameID "722330"]

1. d4 d5 2. Nf3 Nf6 3. g3 c6 4. Bg2 Bf5 5. O-O e6 6. Nbd2 Bd6 7. c4 Nbd7 8. Nh4 Bg4 9. h3 Bh5 10. Re1 O-O
11. Qc2 Re8 12. e4 dxe4 13. Nxe4 Nxe4 14. Bxe4 f5 15. Bf3 Bf7 16. Bd2 f4 17. Be4 Nf6 18. Bd3 fxg3 19. Bg5 h6 20. Bxf6 Qxf6
21. Rad1 Qxh4 22. Re4 Qxh3 23. fxg3 Qxg3+ 24. Qg2 Rad8 25. Qxg3 Bxg3 26. Rg4 Bc7
0-1

[Event "BAGDAD I"]
[Site "SchemingMind.com"]
[Date "2022.04.04"]
[Round "-"]
[White "Derek Price"]
[Black "geekknight"]
[Result "1-0"]
[WhiteCountry "ENG"]
[BlackCountry "NED"]
[WhiteElo "2334"]
[WhiteRD "74"]
[BlackElo "1943"]
[BlackRD "86"]
[GameID "722331"]

1. c4 c6 2. g3 d5 3. Bg2 Nf6 4. Qc2 g6 5. Nf3 Bf5 6. d3 Bg7 7. O-O O-O 8. b3 Qd7 9. Bb2 Bh3 10. Nbd2 Bxg2
11. Kxg2 e6 12. e4 dxe4 13. dxe4 Na6 14. e5 Ne8 15. Rad1 Qc7 16. Ne4 Rd8 17. Rxd8 Qxd8 18. Ba3 c5 19. Nxc5 Nec7 20. Nxa6 Nxa6
21. Bxf8 Qxf8 22. Rd1 Nc5 23. b4 Na6 24. a3 Qb8 25. Rd7 Bxe5 26. Nxe5 Qxe5 27. Qd3 Kg7 28. Rxb7 h5 29. Rxa7 Nc7 30. Qe3
1-0

[Event "BAGDAD I"]
[Site "SchemingMind.com"]
[Date "2022.04.04"]
[Round "-"]
[White "geekknight"]
[Black "Derek Price"]
[Result "1-0"]
[WhiteCountry "NED"]
[BlackCountry "ENG"]
[WhiteElo "2002"]
[WhiteRD "91"]
[BlackElo "2340"]
[BlackRD "70"]
[GameID "722332"]

1. c4 e5 2. e3 Nf6 3. Nc3 Nc6 4. Nf3 Be7 5. d4 exd4 6. Nxd4 O-O 7. Be2 Re8 8. O-O Nxd4 9. Qxd4 Bd6 10. Bd2 Be5
11. Qd3 b6 12. Bf3 c6 13. Rfd1 Bb7 14. Be1 Qe7 15. h3 Rad8 16. Rac1 g6 17. a3 Ba6 18. b4 d5 19. b5 dxc4 20. Qxc4 cxb5
21. Nxb5 Bb7 22. Bb4 Rxd1+ 23. Rxd1 Bxf3 24. Bxe7 Bxd1 25. Bxf6 Bxf6 26. Qc6 Re6 27. Qc8+ Kg7 28. Nc7 Re7 29. Ne8+ Rxe8 30. Qxe8 a5
31. Qb5 a4 32. Qxb6 Bb3 33. e4 Be7 34. Qd4+ Kg8 35. Qb2 h5 36. f4 f6 37. Kf2 Kf7 38. Kf3 h4 39. Kg4 f5+ 40. Kf3 fxe4+
41. Kxe4 Bf6 42. Qc1 Be7 43. Qc7 Kf8 44. Qc8+ Kf7 45. Qc1 Kf8 46. Kf3 Kf7 47. g4 hxg3 48. Kxg3 Ke6 49. Kg4 Kf6 50. h4 Be6+
51. Kg3 Bb3 52. Qb2+ Kf7 53. f5 gxf5 54. h5 Bf6 55. Qf2 Be5+ 56. Kh3 f4 57. Kg4 Kf6 58. Qb6+ Be6+ 59. Kh4 f3 60. h6 Kf5
61. h7 Bd5 62. Qe3 Bf6+ 63. Kg3 Bh8 64. Qe8
1-0

[Event "BAGDAD I"]
[Site "SchemingMind.com"]
[Date "2022.04.04"]
[Round "-"]
[White "Derek Price"]
[Black "ModernMonkey"]
[Result "1-0"]
[WhiteCountry "ENG"]
[BlackCountry "ENG"]
[WhiteElo "2377"]
[WhiteRD "72"]
[BlackElo "2194"]
[BlackRD "94"]
[GameID "722333"]

1. c4 e5 2. Nc3 Nf6 3. Nf3 Nc6 4. g3 d5 5. cxd5 Nxd5 6. Bg2 Nb6 7. O-O Be7 8. a3 O-O 9. b4 Be6 10. Rb1 f6
11. d3 a5 12. b5 Nd4 13. Nd2 Qc8 14. e3 Nf5 15. a4 Bb4 16. Bb2 Rd8 17. Qc2 Ne7 18. Rfd1 Rb8 19. Ra1 Qd7 20. Nb3 Bg4
21. Rd2 Bf5 22. e4 Be6 23. Ba3 Qd6 24. Bxb4 Qxb4 25. Nc1 c5 26. bxc6 bxc6 27. Rb1 Qd6 28. Nb3 Ra8 29. Nxa5 Rdb8 30. Nc4 Nxc4
31. Rxb8+ Qxb8 32. dxc4 Bxc4 33. Bf1 Be6 34. Na2 Qa7 35. Bc4 Bxc4 36. Qxc4+ Kf8 37. Nc3 h5 38. h4 Qa5 39. Rd7 Ra7 40. Rd3 Ra8
41. Rd7 Ra7 42. Rxa7 Qxa7 43. Nd1 Qd4 44. Ne3 Qxc4 45. Nxc4 Ke8 46. Kf1 Kd7 47. Ke2 Kc7 48. Kd3 Kd7 49. a5 Kc7 50. Ne3 Nc8
51. Nf5 g6 52. Ng7 Kd7 53. a6 Na7 54. Kc4 Kd6 55. f3 Nc8 56. g4 hxg4 57. fxg4 Ke7 58. h5 Kf7 59. h6 Kg8 60. Kc5 Kh7
61. Kxc6 Na7+ 62. Kb7 Nb5 63. Ne8 Kxh6 64. Kb6
1-0

[Event "BAGDAD I"]
[Site "SchemingMind.com"]
[Date "2022.04.04"]
[Round "-"]
[White "ModernMonkey"]
[Black "Derek Price"]
[Result "0-1"]
[WhiteCountry "ENG"]
[BlackCountry "ENG"]
[WhiteElo "2179"]
[WhiteRD "106"]
[BlackElo "2362"]
[BlackRD "68"]
[GameID "722334"]

1. d4 d5 2. c4 c6 3. Nf3 Nf6 4. Nc3 e6 5. Bg5 h6 6. Bh4 dxc4 7. e4 g5 8. Bg3 b5 9. h4 g4 10. Ne5 h5
11. Be2 b4 12. Na4 Nxe4 13. O-O Ba6 14. Bf4 Bh6 15. Qc2 Bxf4 16. Qxe4 Bh6 17. Rfd1 Qd5 18. Qc2 Bb5 19. Nc5 b3 20. Qc3 Bg7
21. f4 bxa2 22. Rxa2 O-O 23. Ra5 Qd8 24. g3 Qb6 25. Ned7 Nxd7 26. Nxd7 Qb7 27. Nxf8 Rxf8 28. Bxc4 Rd8 29. Bxb5 cxb5 30. b4 a6
31. Qe3 Qd5 32. Qc1 Bxd4+ 33. Kh2 Qf3 34. Ra3 Qf2+ 35. Kh1 Bf6 36. Rxd8+ Bxd8 37. Qb1 Bf6 38. Rd3 Qe2 39. Ra3 Bd4 40. Ra2 Qf3+
41. Rg2 Qc3 42. Kh2 Bf6 43. Rc2 Qd4 44. Qb3 Kg7 45. Ra2 Qe4 46. Rc2 Qe1 47. Rg2 Bc3 48. Qa2 Qe4 49. Qxa6 Qxb4 50. Qc6 Bf6
51. Re2 Qb3 52. Qe4 b4 53. Rd2 Qc3 54. Rc2 Qa3 55. Rc4 Qa2+ 56. Kg1 b3 57. Rc1 Qd2 58. Re1 b2 59. Kf1 Bc3 60. Rb1 Bd4
61. Qe2 Qc1+ 62. Qd1 Qc3 63. Kg2 e5 64. fxe5 Bxe5 65. Kf1 Bxg3 66. Qe2 Qc1+ 67. Qd1 Qf4+ 68. Ke2 Qe4+ 69. Kd2 Bf4+ 70. Kc3 Bc1
0-1

[Event "BAGDAD I"]
[Site "SchemingMind.com"]
[Date "2022.04.09"]
[Round "-"]
[White "The Stonewall"]
[Black "Transcendent"]
[Result "1-0"]
[WhiteCountry "ENG"]
[BlackCountry "ENG"]
[WhiteElo "2317"]
[WhiteRD "68"]
[BlackElo "2178"]
[BlackRD "68"]
[GameID "722335"]

1. d4 d5 2. Nf3 Nf6 3. e3 c5 4. dxc5 Nc6 5. a3 a5 6. Nc3 e5 7. Bb5 Bxc5 8. Nxe5 O-O 9. Nxc6 bxc6 10. Bxc6 Ra6
11. Bb5 Re6 12. O-O Bb7 13. Qd3 d4 14. exd4 Bxd4 15. Rd1 Bxf2+ 16. Kxf2 Ng4+ 17. Kg1 Qc7 18. Qg3 Qc5+ 19. Kf1 Rf6+ 20. Ke1 Qg1+=
21. Kd2 Qd4+ 22. Bd3 Rf2+ 23. Ne2 Re8 24. Re1 Rxg2 25. Qxg2 Qe3+ 26. Kd1 Nf2+ 27. Qxf2 Qxf2 28. a4 Bf3 29. Bd2 Qxh2 30. Ra3 h5
31. Bb5 Bxe2+ 32. Bxe2 h4 33. Bxa5 Qf2 34. Rd3 h3 35. Bg4 Rxe1+ 36. Bxe1
1-0

[Event "BAGDAD I"]
[Site "SchemingMind.com"]
[Date "2022.04.09"]
[Round "-"]
[White "Transcendent"]
[Black "The Stonewall"]
[Result "0-1"]
[WhiteCountry "ENG"]
[BlackCountry "ENG"]
[WhiteElo "2129"]
[WhiteRD "74"]
[BlackElo "2319"]
[BlackRD "75"]
[GameID "722336"]

1. d4 Nf6 2. c4 d6 3. Nc3 e5 4. dxe5 dxe5 5. Qxd8+ Kxd8 6. Nf3 Nfd7 7. g4 c6 8. h4 f6 9. g5 Nc5 10. b4 Ne6
11. Bb2 Bxb4 12. O-O-O+ Ke7 13. Bh3 Na6 14. Rhg1 Nac5 15. e3 Bd7 16. Ne2 Ne4 17. gxf6+ gxf6 18. Rxd7+ Kxd7 19. a3 Bd6 20. Rg7+ Be7
21. Ned4 exd4 22. Nxd4 Nc5 23. Nxe6 Nxe6 24. Bxf6 Rhe8 25. c5 h6 26. Rh7 a5 27. Kc2 a4 28. f4 Ra5 29. Bd4 Rb5 30. Bf5 b6
31. h5 bxc5
0-1

[Event "BAGDAD I"]
[Site "SchemingMind.com"]
[Date "2022.04.07"]
[Round "-"]
[White "The Stonewall"]
[Black "krzysztof"]
[Result "1-0"]
[WhiteCountry "ENG"]
[BlackCountry "POL"]
[WhiteElo "2288"]
[WhiteRD "71"]
[BlackElo "1513"]
[BlackRD "80"]
[GameID "722337"]

1. e4 e6 2. c4 c5 3. Nc3 a6 4. Nge2 Nc6 5. d4 cxd4 6. Nxd4 Nxd4 7. Qxd4 b6 8. Be3 Bc5 9. Qxg7 Qf6 10. Qg3 h6
11. O-O-O Bxe3+ 12. Qxe3 Qg5 13. f4 Qa5 14. Qd4 f6 15. Be2 b5 16. e5 f5 17. Bh5+ Kd8 18. Bf3 Rb8 19. Qd6 Qc7 20. Qf8#
1-0

[Event "BAGDAD I"]
[Site "SchemingMind.com"]
[Date "2022.04.07"]
[Round "-"]
[White "krzysztof"]
[Black "The Stonewall"]
[Result "0-1"]
[WhiteCountry "POL"]
[BlackCountry "ENG"]
[WhiteElo "1502"]
[WhiteRD "84"]
[BlackElo "2297"]
[BlackRD "75"]
[GameID "722338"]

1. d3 d5 2. Bf4 Nc6 3. Nf3 Bg4 4. h3 Bxf3 5. exf3 e5 6. Bh2 Nf6 7. Be2 Bc5 8. a3 O-O 9. O-O Re8 10. Nd2 Qd7
11. f4 e4 12. dxe4 dxe4 13. Kh1 Rad8 14. Nc4 Qe7 15. Qc1 Nd4 16. Bg4 Nxg4 17. hxg4 Qh4 18. Ne3 Re6 19. g5 h6 20. g3 Qh3
21. f3 exf3 22. Qd2 Rxe3 23. Rf2 Re2 24. Rxe2 Nxe2 25. Qxd8+ Bf8 26. Rg1 Nxg1 27. Kxg1 Qg2#
0-1

[Event "BAGDAD I"]
[Site "SchemingMind.com"]
[Date "2022.04.09"]
[Round "-"]
[White "The Stonewall"]
[Black "JAHI"]
[Result "1-0"]
[WhiteCountry "ENG"]
[BlackCountry "INT"]
[WhiteElo "2319"]
[WhiteRD "73"]
[BlackElo "2157"]
[BlackRD "69"]
[GameID "722339"]

1. d4 d6 2. e4 g6 3. Nc3 Bg7 4. Be2 Kf8 5. h4 h6 6. Be3 h5 7. Qd2 b6 8. O-O-O Bb7 9. Nh3 Nd7 10. f4 Nh6
11. Ng5 Kg8 12. Rhf1 Nf8 13. g3 Qd7 14. d5 f6 15. Nf3 Rh7 16. Nd4 f5 17. Rfe1 a6 18. Bf3 Re8 19. Qd3 Kh8 20. Bf2 Qc8
21. exf5 Nxf5 22. Nxf5 Qxf5 23. Ne4 e6 24. Ng5 Qxd3 25. Rxd3 e5 26. Nxh7 Nxh7 27. fxe5 dxe5 28. Be4 Rf8 29. d6 cxd6 30. Bxb7 Rxf2
31. Rxd6 Rf6 32. Rxf6 Bxf6 33. Bxa6 g5 34. Re4 gxh4 35. gxh4 Nf8 36. Be2 Ng6 37. Bxh5 Nxh4 38. Rb4 Bd8 39. Rb5 Kg7 40. Rxe5 Kf6
41. Rb5 Nf5 42. c3 Nd6 43. Rd5 Ke6 44. Bf3 Bc7 45. Kc2 Nf5 46. Kd3 Nd6 47. Rh5 Ne8 48. a4 Nf6 49. Rh4 Kf5 50. Kc4 Ke5
51. Kb5 Kd6 52. Rd4+ Ke6 53. Kc6 Bh2 54. Kxb6 Nd7+ 55. Kb5 Nb8 56. a5 Kf5 57. c4 Be5 58. Rd5 Kf6 59. Rxe5 Kxe5 60. a6 Nxa6
61. Kxa6 Kd4 62. Kb5 Ke5 63. c5 Ke6 64. c6 Kd6 65. Kb6 Ke5 66. c7 Kf4 67. Bd1 Ke5 68. c8=Q Kf4 69. Qe6 Kg3 70. Qg4+ Kf2
71. Qf3+ Kg1 72. Qe2 Kh1 73. Kc5 Kg1 74. Kd4 Kh1 75. Ke3 Kg1 76. Kf3 Kh1 77. Kg3 Kg1 78. Qg2#
1-0

[Event "BAGDAD I"]
[Site "SchemingMind.com"]
[Date "2022.04.09"]
[Round "-"]
[White "JAHI"]
[Black "The Stonewall"]
[Result "1/2-1/2"]
[WhiteCountry "INT"]
[BlackCountry "ENG"]
[WhiteElo "2167"]
[WhiteRD "66"]
[BlackElo "2317"]
[BlackRD "68"]
[GameID "722340"]

1. c3 Nf6 2. g3 d5 3. Bg2 e5 4. Kf1 Nc6 5. d3 Bc5 6. h3 O-O 7. Bg5 h6 8. Bxf6 Qxf6 9. e3 Be6 10. Qe2 Rfe8
11. Nd2 Rad8 12. Re1 a6 13. h4 Ba7 14. a3 Bf5 15. h5 Qd6 16. Rh4 Qc5 17. Ngf3 Qb5 18. e4 Bh7 19. c4 dxc4 20. Nxc4 Qb3
21. Rd1 b5 22. Ne3 Nd4 23. Nxd4 Bxd4 24. Rd2 Rd6 25. Kg1 Red8 26. Bf1 c6 27. g4 Bb6 28. Nf5 R6d7 29. Rh3 Qa4 30. Rc2 c5
31. Rf3 Ba7 32. Bh3 Bb6 33. g5 hxg5 34. Nxg7 Kxg7 35. Qd2 Rd6 36. Qxg5+ Kf8 37. Rc1 Rb8 38. Rg3 Qd4 39. Re1 Ba5 40. Re2 c4
41. dxc4 bxc4 42. Qg7+ Ke7 43. Qxh7 Bd2 44. Rg7 Rf6 45. Rg6 Rb3 46. Kg2 Qd3 47. Bg4 Rf4 48. Qg7 Rxg4+ 49. Rxg4 Qf3+ 50. Kg1 Bf4
51. Rd2 Bxd2 52. Qxe5+ Kd7 53. Qd5+ Ke7 54. Qc5+ Kd7 55. Qd4+ Ke7 56. Qe5+ Kd7 57. Qd5+ Ke7 58. Qc5+ Kd7 59. Qd5+
1/2-1/2

[Event "BAGDAD I"]
[Site "SchemingMind.com"]
[Date "2022.04.08"]
[Round "-"]
[White "The Stonewall"]
[Black "Daniel Dubé"]
[Result "1-0"]
[WhiteCountry "ENG"]
[BlackCountry "CAN"]
[WhiteElo "2297"]
[WhiteRD "75"]
[BlackElo "1637"]
[BlackRD "54"]
[GameID "722341"]

1. e4 d5 2. exd5 Qxd5 3. Nf3 c5 4. Nc3 Qd6 5. d4 cxd4 6. Nb5 Qe6+ 7. Be3 Na6 8. Qxd4 Nf6 9. O-O-O Bd7 10. Bc4 Qb6
11. Bxf7+ Kxf7 12. Qc4+ Be6 13. Ng5+ Kg6 14. Nxe6
1-0

[Event "BAGDAD I"]
[Site "SchemingMind.com"]
[Date "2022.04.09"]
[Round "-"]
[White "Daniel Dubé"]
[Black "The Stonewall"]
[Result "0-1"]
[WhiteCountry "CAN"]
[BlackCountry "ENG"]
[WhiteElo "1637"]
[WhiteRD "54"]
[BlackElo "2297"]
[BlackRD "75"]
[GameID "722342"]

1. d4 e6 2. e4 c5 3. Nf3 cxd4 4. Nxd4 Nf6 5. Nc3 Nc6 6. Ndb5 Bb4 7. Nd6+ Ke7 8. Nxc8+ Rxc8 9. f3 d5 10. exd5 Nxd5
11. Bg5+ f6 12. Bd2 Bxc3 13. bxc3 Na5 14. Bd3 Nc4 15. Bxc4 Rxc4 16. Rb1 b6 17. O-O Nxc3 18. Qe1 Nxb1 19. Bb4+ Kf7 20. Qxb1 Qd4+
21. Kh1 Rxb4
0-1

[Event "BAGDAD I"]
[Site "SchemingMind.com"]
[Date "2022.04.09"]
[Round "-"]
[White "The Stonewall"]
[Black "geekknight"]
[Result "1-0"]
[WhiteCountry "ENG"]
[BlackCountry "NED"]
[WhiteElo "2297"]
[WhiteRD "75"]
[BlackElo "1943"]
[BlackRD "86"]
[GameID "722343"]

1. d4 d5 2. Nf3 Nf6 3. e3 Bg4 4. h3 Bh5 5. g4 Bg6 6. Ne5 Nbd7 7. h4 Nxe5 8. dxe5 Nd7 9. h5 Nxe5 10. hxg6 Nxg6
11. Qf3 e6 12. Nc3 Bb4 13. Bd2 Ne5 14. Qg3 Qd6 15. a3 Ba5 16. Nb5 Bxd2+ 17. Kxd2
1-0

[Event "BAGDAD I"]
[Site "SchemingMind.com"]
[Date "2022.04.09"]
[Round "-"]
[White "geekknight"]
[Black "The Stonewall"]
[Result "1-0"]
[WhiteCountry "NED"]
[BlackCountry "ENG"]
[WhiteElo "2002"]
[WhiteRD "91"]
[BlackElo "2297"]
[BlackRD "77"]
[GameID "722344"]

1. c4 e6 2. Nf3 c5 3. e3 Nc6 4. d4 d5 5. a3 Nf6 6. dxc5 Bxc5 7. b4 Be7 8. Nbd2 O-O 9. Bb2 b6 10. Bd3 Bb7
11. O-O Rc8 12. e4 dxe4 13. Nxe4 Nxe4 14. Bxe4 Na5 15. Bxb7 Nxb7 16. Qe2 Qc7 17. Rac1 Rfd8 18. Nd4 Nd6 19. c5 bxc5 20. Rxc5 Qb7
21. Rfc1 Bf6 22. Nc6 Bxb2 23. Nxd8 Rxd8 24. Qxb2
1-0

[Event "BAGDAD I"]
[Site "SchemingMind.com"]
[Date "2022.04.07"]
[Round "-"]
[White "The Stonewall"]
[Black "ModernMonkey"]
[Result "1/2-1/2"]
[WhiteCountry "ENG"]
[BlackCountry "ENG"]
[WhiteElo "2319"]
[WhiteRD "73"]
[BlackElo "2198"]
[BlackRD "94"]
[GameID "722345"]

1. c4 e5 2. Nc3 Nf6 3. g3 Bb4 4. e4 d6 5. Bg2 Bg4 6. Nge2 Nc6 7. h3 Bxe2 8. Nxe2 Bc5 9. a3 a5 10. d3 O-O
11. O-O Nd4 12. Rb1 Nxe2+ 13. Qxe2 a4 14. Bg5 h6 15. Bd2 Nd7 16. Kh2 Qe7 17. Bc3 Nb8 18. Qg4 Nc6 19. Bd2 Kh7 20. f4 Nd4
21. h4 Nb3 22. Bc3 Bd4 23. Rbd1 c6 24. Bh3 Qc7 25. Qd7 Qxd7 26. Bxd7 Rab8 27. h5 Nc5 28. Bf5+ g6 29. Bg4 Nb3 30. Bb4 Rbd8
31. Rb1 Bc5 32. Bc3 Bd4 33. Bb4 Bc5=
1/2-1/2

[Event "BAGDAD I"]
[Site "SchemingMind.com"]
[Date "2022.04.09"]
[Round "-"]
[White "ModernMonkey"]
[Black "The Stonewall"]
[Result "1/2-1/2"]
[WhiteCountry "ENG"]
[BlackCountry "ENG"]
[WhiteElo "2194"]
[WhiteRD "94"]
[BlackElo "2319"]
[BlackRD "75"]
[GameID "722346"]

1. d4 e6 2. e4 d5 3. Nc3 Nf6 4. e5 Nfd7 5. f4 c5 6. Nf3 Nc6 7. Be3 Be7 8. Qd2 O-O 9. dxc5 Nxc5 10. O-O-O Qa5
11. Kb1 a6 12. Nd4 Qc7 13. Rg1 b5 14. Nxc6 Qxc6 15. f5 b4 16. f6 bxc3 17. Qxc3 Bd7 18. fxe7 Rfc8 19. Be2 Be8 20. Rgf1 Qc7
21. Bxc5 Qxc5 22. Qxc5 Rxc5 23. c4 Ra7 24. b4 Rc6 25. cxd5 exd5 26. Rc1 Rb6 27. a3 Rxe7 28. Rc5 Rxe5 29. Bc4 Kf8 30. Rxd5 Rxd5
31. Bxd5 a5 32. Rf4 axb4 33. axb4 Rd6 34. Bf3 Bb5 35. Kb2=
1/2-1/2

[Event "BAGDAD I"]
[Site "SchemingMind.com"]
[Date "2022.04.06"]
[Round "-"]
[White "Transcendent"]
[Black "krzysztof"]
[Result "1-0"]
[WhiteCountry "ENG"]
[BlackCountry "POL"]
[WhiteElo "1997"]
[WhiteRD "86"]
[BlackElo "1515"]
[BlackRD "81"]
[GameID "722347"]

1. d4 d6 2. e4 Nc6 3. Be3 e6 4. Bd3 h6 5. Nf3 e5 6. d5 Nb4 7. a3 Nxd3+ 8. Qxd3 c6 9. c4 c5 10. O-O Nf6
11. Ne1 Bg4 12. f3 Bd7 13. Nc3 Be7 14. Rb1 b6 15. f4 Nh7 16. fxe5 a6 17. exd6 Bxd6 18. Nf3 Qc7 19. Rbe1 Bg4 20. e5 Bf8
21. Qe4 Ng5 22. Qxg4 g6 23. Nxg5 hxg5 24. Bxg5 Qd7 25. e6 fxe6 26. Rxe6+ Be7 27. Bxe7 Qxe7 28. Rxe7+ Kxe7 29. Qe6+ Kd8 30. Rf7 Re8
31. Qd7#
1-0

[Event "BAGDAD I"]
[Site "SchemingMind.com"]
[Date "2022.04.06"]
[Round "-"]
[White "krzysztof"]
[Black "Transcendent"]
[Result "0-1"]
[WhiteCountry "POL"]
[BlackCountry "ENG"]
[WhiteElo "1532"]
[WhiteRD "84"]
[BlackElo "2089"]
[BlackRD "77"]
[GameID "722348"]

1. d3 d5 2. Nf3 c5 3. Bf4 Nc6 4. e4 e6 5. e5 Nge7 6. a3 Ng6 7. Bg3 Qc7 8. Qe2 Be7 9. Nbd2 h5 10. h3 h4
11. Bh2 Bd7 12. d4 cxd4 13. Nb3 Rc8 14. g3 Ngxe5 15. g4 Nxf3+ 16. Qxf3 Ne5 17. Bxe5 Qxe5+ 18. Qe2 Qxe2+ 19. Bxe2 Rxc2 20. Rb1 Bf6
21. Bd3 Rc7 22. O-O O-O 23. Nd2 e5 24. f3 Rfc8 25. f4 e4 26. Bxe4 dxe4 27. Nxe4 d3 28. Nxf6+ gxf6 29. Rbd1 Bb5 30. Rf2 Rc1
31. Rxc1 Rxc1+ 32. Kh2 Rc2 33. Rxc2 dxc2 34. Kg2 c1=Q
0-1